[Event "24th NATO Chess Championship"]
[Site "Rynia"]
[Date "2013.08.12"]
[Round "1.2"]
[White "Pedersen, Finn"]
[Black "Sycz, Dariusz"]
[Result "1-0"]
[WhiteElo "2303"]
[BlackElo "2020"]
[PlyCount "153"]
[EventDate "2013.08.??"]
[EventType "swiss"]
[EventRounds "7"]
[EventCountry "POL"]
[WhiteTeam "DEN"]
[BlackTeam "POL"]
[WhiteTeamCountry "DEN"]
[BlackTeamCountry "POL"]
[WhiteClock "0:00:07"]

1. Nf3 Nf6 2. c4 g6 3. Nc3 Bg7 4. d4 d5 5. Bf4 O-O 6. e3 c5 7. Be2 Nc6 8. dxc5
Qa5 9. O-O dxc4 10. Qa4 Qxc5 11. Qxc4 Qa5 12. Qb5 Qxb5 13. Bxb5 Nh5 14. Bc7 Bg4
15. Bxc6 bxc6 16. Rac1 Rfc8 17. Ba5 Be6 18. b3 h6 19. Na4 Bd5 20. Rfd1 Rab8 21.
Ne1 Rb5 22. Bc3 e5 23. Nd3 e4 24. Ndb2 Bf8 25. Bd4 Ra8 26. Nc4 Ng7 27. Ne5 Ba3
28. Rc3 Rc8 29. Bxa7 Ne6 30. Nb6 Rc7 31. Nxd5 Rxd5 32. Rxd5 cxd5 33. Rxc7 Nxc7
34. Nc6 Nb5 35. Bd4 Kf8 36. f3 Ke8 37. fxe4 dxe4 38. Kf2 Kd7 39. Ne5+ Ke6 40.
Nc4 Be7 41. Bb2 f5 42. a4 Nc7 43. Ba3 Bf6 44. Bf8 h5 45. Nb6 g5 46. b4 f4 47.
b5 Bc3 48. Ke2 Bf6 49. h3 Bd8 50. Bc5 Bf6 51. Nc8 Kd5 52. Bd6 Ne6 53. Be7 Bxe7
54. Nxe7+ Kc5 55. Nc8 Nc7 56. b6 Na6 57. Kf2 h4 58. a5 Kb5 59. Nd6+ Kxa5 60. b7
Kb6 61. Nxe4 Kxb7 62. Nxg5 fxe3+ 63. Kxe3 Nc5 64. Nf3 Kc6 65. Nxh4 Kd5 66. Kf4
Ke6 67. Kg5 Ne4+ 68. Kg6 Ke5 69. Nf5 Nc5 70. g3 Nd7 71. h4 Nf8+ 72. Kf7 Nh7 73.
Ne3 Nf6 74. g4 Ne4 75. g5 Kf4 76. g6 Nd6+ 77. Ke7 1-0

[Event "24th NATO Chess Championship"]
[Site "Rynia"]
[Date "2013.08.12"]
[Round "1.3"]
[White "Maes, Patrick"]
[Black "Helbig, Mark"]
[Result "0-1"]
[WhiteElo "2017"]
[BlackElo "2282"]
[PlyCount "123"]
[EventDate "2013.08.??"]
[EventType "swiss"]
[EventRounds "7"]
[EventCountry "POL"]
[WhiteTeam "BEL"]
[BlackTeam "GER"]
[WhiteTeamCountry "BEL"]
[BlackTeamCountry "GER"]
[BlackClock "0:00:14"]

1. e4 c6 2. d3 d5 3. Nd2 g6 4. Ngf3 Bg7 5. g3 e5 6. Bg2 Ne7 7. O-O O-O 8. Re1
d4 9. Nc4 b5 10. Ncd2 h6 11. a4 Be6 12. Nb3 Nd7 13. axb5 cxb5 14. Bd2 Nc6 15.
c3 a5 16. cxd4 exd4 17. Qc2 Rc8 18. Rec1 Nde5 19. Nc5 a4 20. Nxe6 fxe6 21. Ne1
Qd7 22. Qd1 Qf7 23. f4 Nd7 24. e5 Ne7 25. Bb4 Rfd8 26. Ba5 Re8 27. Bb7 Rb8 28.
Rc7 Nc5 29. Rxc5 Rxb7 30. Rac1 Nd5 31. Nf3 Qd7 32. Qe1 Bf8 33. Rc6 Ra8 34. Bd2
b4 35. Qe4 Kh7 36. Nxd4 Re8 37. g4 a3 38. bxa3 bxa3 39. f5 a2 40. Ra6 Ra7 41.
fxg6+ Kg8 42. Rxa7 Qxa7 43. Kg2 a1=Q 44. Rxa1 Qxa1 45. Qf3 Qa7 46. Nxe6 Qd7 47.
Nxf8 Rxf8 48. Qe4 Qc6 49. Bxh6 Nf4+ 50. Bxf4 Qxe4+ 51. dxe4 Rxf4 52. Kg3 Rxe4
53. h4 Kg7 54. h5 Kh6 55. e6 Rxe6 56. Kf4 Rf6+ 57. Ke5 Rf8 58. g5+ Kxg5 59. Ke6
Kh6 60. Ke7 Rf1 61. Ke6 Kg7 62. Ke7 0-1

[Event "24th NATO Chess Championship"]
[Site "Rynia"]
[Date "2013.08.12"]
[Round "1.4"]
[White "Wantiez, Fabrice"]
[Black "Fichtner, Ewald"]
[Result "1-0"]
[WhiteElo "2279"]
[BlackElo "2018"]
[PlyCount "111"]
[EventDate "2013.08.??"]
[EventType "swiss"]
[EventRounds "7"]
[EventCountry "POL"]
[WhiteTeam "BEL"]
[BlackTeam "GER"]
[WhiteTeamCountry "BEL"]
[BlackTeamCountry "GER"]
[WhiteClock "0:00:22"]
[BlackClock "0:00:20"]

1. e4 c6 2. d4 d5 3. Nc3 dxe4 4. Nxe4 Bf5 5. Ng3 Bg6 6. Bc4 e6 7. N1e2 Nf6 8.
Nf4 Bd6 9. c3 Nd5 10. Qf3 Qh4 11. Bxd5 exd5 12. O-O O-O 13. Nxg6 fxg6 14. Qe2
Qf6 15. Bd2 Na6 16. Rae1 Nc7 17. Qg4 Rae8 18. Rxe8 Rxe8 19. f4 c5 20. dxc5
Bxc5+ 21. Kh1 h5 22. Qf3 h4 23. Ne2 Qe6 24. Nc1 Bb6 25. Nd3 Qe2 26. Be1 h3 27.
gxh3 Qe4 28. Qxe4 dxe4 29. Ne5 g5 30. Nc4 Rf8 31. Nxb6 axb6 32. f5 Nd5 33. Bg3
Nf4 34. h4 Nd3 35. hxg5 Nxb2 36. f6 gxf6 37. gxf6 Kf7 38. Rb1 Nc4 39. Rb4 Rc8
40. Bh4 Rc5 41. a4 Rh5 42. Bg3 Rc5 43. Bh4 Rh5 44. Rxc4 Rxh4 45. Kg2 Rg4+ 46.
Kh3 Rg6 47. Rxe4 Kxf6 48. Rg4 Rh6+ 49. Kg3 Rh5 50. Rb4 Rg5+ 51. Kf3 Rc5 52.
Rxb6+ Kf7 53. Rxb7+ Kf6 54. Rb6+ Kf7 55. Rb3 Rc4 56. Ra3 1-0

[Event "24th NATO Chess Championship"]
[Site "Rynia"]
[Date "2013.08.12"]
[Round "1.5"]
[White "Skwarczynski, Marcin"]
[Black "Rosenkilde, Alexander"]
[Result "1/2-1/2"]
[WhiteElo "2014"]
[BlackElo "2262"]
[PlyCount "59"]
[EventDate "2013.08.??"]
[EventType "swiss"]
[EventRounds "7"]
[EventCountry "POL"]
[WhiteTeam "NATO"]
[BlackTeam "DEN"]
[BlackTeamCountry "DEN"]
[WhiteClock "0:00:22"]
[BlackClock "0:00:22"]

1. e4 c5 2. Nf3 Nc6 3. d4 cxd4 4. Nxd4 Nf6 5. Nc3 e5 6. Ndb5 d6 7. Bg5 a6 8.
Na3 b5 9. Nd5 Be7 10. Bxf6 Bxf6 11. c4 b4 12. Nc2 Rb8 13. Be2 O-O 14. Qd3 Bg5
15. Nde3 Bxe3 16. Qxe3 Be6 17. b3 Qe7 18. Rd1 a5 19. O-O Nd8 20. Rd2 Nb7 21.
Rfd1 Rfd8 22. f4 f6 23. Ne1 Qc7 24. f5 Bf7 25. Nd3 Rd7 26. g4 Nd8 27. Ne1 Nb7
28. Nd3 Nd8 29. Ne1 Nb7 30. Nd3 1/2-1/2

[Event "24th NATO Chess Championship"]
[Site "Rynia"]
[Date "2013.08.12"]
[Round "1.6"]
[White "Andersen, Hans Christoph"]
[Black "Demjen, Attila"]
[Result "1/2-1/2"]
[WhiteElo "2238"]
[BlackElo "2013"]
[PlyCount "125"]
[EventDate "2013.08.??"]
[EventType "swiss"]
[EventRounds "7"]
[EventCountry "POL"]
[WhiteTeam "GER"]
[BlackTeam "HUN"]
[WhiteTeamCountry "GER"]
[BlackTeamCountry "HUN"]
[WhiteClock "0:00:03"]
[BlackClock "0:00:04"]

1. d4 Nf6 2. c4 g6 3. Nc3 Bg7 4. e4 d6 5. Be2 O-O 6. Bg5 h6 7. Be3 e5 8. d5 Na6
9. Qd2 Kh7 10. f3 Ng8 11. Bd3 Nc5 12. Bc2 a5 13. Nge2 b6 14. b3 Bd7 15. O-O f5
16. exf5 Bxf5 17. Ng3 Bxc2 18. Qxc2 Nd7 19. a3 Ne7 20. Nge4 Nf5 21. Bf2 Nf6 22.
Nxf6+ Bxf6 23. Ne4 Bg7 24. Qd3 Qd7 25. Rfc1 Rfb8 26. Ra2 Re8 27. Rac2 Rab8 28.
b4 axb4 29. axb4 Qa4 30. Rb2 Nd4 31. Bxd4 exd4 32. Qb3 Ra8 33. Qxa4 Rxa4 34.
Kf1 Rea8 35. Ke1 Ra2 36. Rcb1 Rxb2 37. Rxb2 Ra1+ 38. Kd2 d3 39. Rb3 Ra2+ 40.
Kxd3 Rxg2 41. c5 Be5 42. cxb6 cxb6 43. h4 g5 44. hxg5 hxg5 45. Kc4 g4 46. fxg4
Rxg4 47. Re3 Kg6 48. Kb5 Kf5 49. Nf2 Rd4 50. Rf3+ Kg6 51. Rd3 Kf5 52. Rxd4 Bxd4
53. Nd1 Ke4 54. Kc6 Kd3 55. Kxd6 Kd2 56. b5 Kxd1 57. Kc6 Kc2 58. d6 Kb3 59. d7
Bf6 60. Kxb6 Bd8+ 61. Kb7 Kb4 62. b6 Kb5 63. Kc8 1/2-1/2

[Event "24th NATO Chess Championship"]
[Site "Rynia"]
[Date "2013.08.12"]
[Round "1.7"]
[White "Waruga, Wojciech"]
[Black "Van Rijn, Wouter"]
[Result "0-1"]
[WhiteElo "2008"]
[BlackElo "2216"]
[PlyCount "78"]
[EventDate "2013.08.??"]
[EventType "swiss"]
[EventRounds "7"]
[EventCountry "POL"]
[WhiteTeam "NATO"]
[BlackTeam "NED"]
[BlackTeamCountry "NED"]
[BlackClock "0:00:01"]

1. e4 e6 2. c4 c5 3. Nf3 Nc6 4. Nc3 a6 5. d4 cxd4 6. Nxd4 d6 7. Be3 Nf6 8. Be2
Be7 9. O-O O-O 10. f4 Qc7 11. Rc1 Bd7 12. Qe1 e5 13. Nb3 exf4 14. Bxf4 Ne5 15.
Qg3 Be6 16. Nd5 Bxd5 17. exd5 b6 18. Nd4 Ne4 19. Qe3 Nc5 20. b4 Ncd7 21. Qg3
Bf6 22. Nf5 a5 23. Bg5 Ng6 24. Bxf6 Nxf6 25. Qxd6 Qxd6 26. Nxd6 axb4 27. Rc2
Rfd8 28. Nf5 b5 29. d6 bxc4 30. Bxc4 Ne5 31. Bb3 g6 32. Ne3 Rxd6 33. Rc7 Rad8
34. Rb7 Kg7 35. Rxb4 Nd3 36. Rb7 R8d7 37. Rxd7 Rxd7 38. Nc4 Nc5 39. Ne5 Rb7
$138 0-1

[Event "24th NATO Chess Championship"]
[Site "Rynia"]
[Date "2013.08.12"]
[Round "1.8"]
[White "Bohn, Ulrich"]
[Black "Kruit, Erik"]
[Result "0-1"]
[WhiteElo "2175"]
[BlackElo "2011"]
[PlyCount "46"]
[EventDate "2013.08.??"]
[EventType "swiss"]
[EventRounds "7"]
[EventCountry "POL"]
[WhiteTeam "GER"]
[BlackTeam "NED"]
[WhiteTeamCountry "GER"]
[BlackTeamCountry "NED"]
[WhiteClock "0:00:13"]
[BlackClock "0:00:48"]

1. e4 c5 2. c3 d5 3. exd5 Nf6 4. Bb5+ Nbd7 5. c4 a6 6. Ba4 g6 7. d4 Bg7 8. Ne2
O-O 9. Bxd7 Bxd7 10. Nbc3 cxd4 11. Nxd4 Qc7 12. Qe2 Rac8 13. Be3 Qxc4 14. Rd1
Qc7 15. f3 b5 16. a3 Qb7 17. Nb3 b4 18. axb4 Qxb4 19. Nc1 Bb5 20. Nd3 Qa5 21.
Kf2 Bc4 22. b4 Qc7 23. Bd4 Ng4+ 0-1

[Event "24th NATO Chess Championship"]
[Site "Rynia"]
[Date "2013.08.12"]
[Round "1.10"]
[White "Jauk, Wilhelm"]
[Black "Graczyk, Damian"]
[Result "1-0"]
[WhiteElo "2172"]
[BlackElo "1991"]
[PlyCount "113"]
[EventDate "2013.08.??"]
[EventType "swiss"]
[EventRounds "7"]
[EventCountry "POL"]
[WhiteTeam "GER"]
[BlackTeam "POL"]
[WhiteTeamCountry "GER"]
[BlackTeamCountry "POL"]

1. d4 Nf6 2. Nf3 e6 3. c4 Bb4+ 4. Bd2 Bxd2+ 5. Nbxd2 O-O 6. e3 b6 7. Bd3 Bb7 8.
O-O c5 9. Qe2 Nc6 10. Rfd1 Qe7 11. Rac1 d6 12. Bb1 Rfd8 13. Nf1 Rac8 14. b3 a5
15. h3 Ba6 16. Qb2 h6 17. Ng3 cxd4 18. Nxd4 Ne5 19. f4 Ned7 20. e4 Bb7 21. Re1
Nc5 22. Rcd1 Nfd7 23. Nb5 Nf8 24. Qf2 Bc6 25. Nd4 Bb7 26. Nh5 Kh8 27. g4 g6 28.
Ng3 Qh4 29. Kh2 Qf6 30. Nb5 e5 31. Rf1 Kg7 32. f5 Bc6 33. Nc3 Nh7 34. Nd5 Bxd5
35. exd5 Rf8 36. Qc2 Qg5 37. Rf2 Nf6 38. Rdf1 Ncd7 39. Qe2 Rh8 40. fxg6 fxg6
41. Rg2 Rhf8 42. Nf5+ Kh7 43. Ne7 e4 44. Nxc8 Qe5+ 45. Kh1 Rxc8 46. Qe3 Rf8 47.
Rgf2 Kg7 48. a3 Re8 49. Bc2 Re7 50. b4 axb4 51. axb4 Re8 52. Ba4 Re7 53. Rf4 h5
54. g5 Qxg5 55. Bxd7 Rxd7 56. h4 Qh6 57. Qd4 1-0

[Event "24th NATO Chess Championship"]
[Site "Rynia"]
[Date "2013.08.12"]
[Round "1.11"]
[White "Patron, Pascal"]
[Black "Karbowiak, Adam"]
[Result "0-1"]
[WhiteElo "1978"]
[BlackElo "2167"]
[PlyCount "65"]
[EventDate "2013.08.??"]
[EventType "swiss"]
[EventRounds "7"]
[EventCountry "POL"]
[WhiteTeam "FRA"]
[BlackTeam "POL"]
[WhiteTeamCountry "FRA"]
[BlackTeamCountry "POL"]

1. e4 e6 2. d4 d5 3. Nc3 dxe4 4. Nxe4 Bd7 5. Nf3 Bc6 6. Bd3 Nd7 7. O-O Ngf6 8.
Qe2 Be7 9. Neg5 Bxf3 10. Qxf3 c6 11. Qh3 Nd5 12. Qg3 N7f6 13. Re1 O-O 14. Rxe6
fxe6 15. Nxe6 Nh5 16. Qh3 Qe8 17. Nxf8 Bxf8 18. Bd2 g6 19. Re1 Qf7 20. Bc4 Re8
21. Bb3 b5 22. Kf1 Bg7 23. c3 Nhf6 24. a4 a6 25. Ra1 Ne4 26. Be1 h6 27. axb5
axb5 28. Ra6 Ng5 29. Qd3 Kh7 30. Rxc6 Rxe1+ 31. Kxe1 Qe8+ 32. Kd1 Qxc6 33. Bc2
0-1

[Event "24th NATO Chess Championship"]
[Site "Rynia"]
[Date "2013.08.12"]
[Round "1.12"]
[White "Michalski, Daniel"]
[Black "Tikerpuu, Mati"]
[Result "1/2-1/2"]
[WhiteElo "2150"]
[BlackElo "1950"]
[PlyCount "88"]
[EventDate "2013.08.??"]
[EventType "swiss"]
[EventRounds "7"]
[EventCountry "POL"]
[WhiteTeam "POL"]
[BlackTeam "EST"]
[WhiteTeamCountry "POL"]
[BlackTeamCountry "EST"]

1. d4 d6 2. Nf3 Nc6 3. c4 e5 4. Nc3 Bd7 5. e4 exd4 6. Nxd4 Nf6 7. Be2 g6 8. Be3
Bg7 9. O-O O-O 10. Rc1 Re8 11. f3 Nxd4 12. Bxd4 a6 13. Qd2 Nh5 14. Be3 Be6 15.
Nd5 Bxd5 16. cxd5 Qe7 17. g4 Nf6 18. Rc4 Rac8 19. Rfc1 c5 20. dxc6 d5 21. Bc5
Qe5 22. cxb7 dxc4 23. bxc8=Q Rxc8 24. Bd4 Qe6 25. Qc3 Nd5 26. exd5 Bxd4+ 27.
Qxd4 Qxe2 28. Rf1 c3 29. bxc3 Rc4 30. Qd1 Qe3+ 31. Kg2 Rxc3 32. Re1 Rc2+ 33.
Qxc2 Qxe1 34. Qd3 Kf8 35. d6 Qa5 36. Qe2 Qd8 37. Qxa6 h5 38. h3 hxg4 39. hxg4
f5 40. Qd3 fxg4 41. fxg4 Qd7 42. Qxg6 Qc6+ 43. Kf2 Qf3+ 44. Ke1 Qe2+ 1/2-1/2

[Event "24th NATO Chess Championship"]
[Site "Rynia"]
[Date "2013.08.12"]
[Round "1.14"]
[White "Alaslar, Devrim"]
[Black "De Cat, Ben"]
[Result "1/2-1/2"]
[WhiteElo "2145"]
[BlackElo "1914"]
[PlyCount "159"]
[EventDate "2013.08.??"]
[EventType "swiss"]
[EventRounds "7"]
[EventCountry "POL"]
[WhiteTeam "TUR"]
[BlackTeam "BEL"]
[WhiteTeamCountry "TUR"]
[BlackTeamCountry "BEL"]

1. e4 d6 2. f4 Nf6 3. Nc3 e5 4. Nf3 Nbd7 5. Bc4 h6 6. d4 c6 7. dxe5 dxe5 8.
fxe5 Ng4 9. e6 fxe6 10. Bxe6 Nde5 11. Qxd8+ Kxd8 12. Bxc8 Rxc8 13. h3 Nxf3+ 14.
gxf3 Ne5 15. Ke2 g5 16. Be3 Kc7 17. Bd4 Bd6 18. Nd1 Rhf8 19. Bxe5 Bxe5 20. c3
Rcd8 21. Ne3 Bf4 22. Rad1 Bxe3 23. Rxd8 Kxd8 24. Kxe3 Ke7 25. h4 Rf7 26. hxg5
hxg5 27. Rh8 Kf6 28. Rh6+ Kg7 29. Rd6 Kh7 30. Ke2 Kg7 31. Ke3 Kh7 32. b4 Kg7
33. e5 Kf8 34. e6 Rf5 35. Rd7 b5 36. e7+ Ke8 37. Rxa7 Re5+ 38. Kd4 Rf5 39. Rc7
Rxf3 40. Rxc6 Kxe7 41. Rc5 Kf6 42. Rxb5 g4 43. Rb8 Kf7 44. Rh8 Rh3 45. Rd8 g3
46. Ke3 g2+ 47. Kf2 Rxc3 48. a4 Rc2+ 49. Kg1 Ke7 50. Rd4 Ke6 51. b5 Rb2 52. Rg4
Kd6 53. Rxg2 Rb1+ 54. Kh2 Ra1 55. Rg4 Kc5 56. Re4 Rf1 57. Kg2 Rf6 58. Kg3 Kb6
59. Rg4 Re6 60. Kf3 Ka5 61. Re4 Rh6 62. Kf4 Rh5 63. Rd4 Rc5 64. Ke4 Rh5 65. Rc4
Rg5 66. Kd4 Rh5 67. Rc5 Rh4+ 68. Kd5 Rxa4 69. Kc6 Rh4 70. Rg5 Rh6+ 71. Kc5 Rb6
72. Kc4 Rh6 73. Rg1 Kb6 74. Rg4 Rf6 75. Kb4 Rh6 76. Ka4 Rf6 77. Rd4 Rf1 78.
Rd6+ Kc7 79. Rh6 Kb7 80. Rh7+ 1/2-1/2

[Event "24th NATO Chess Championship"]
[Site "Rynia"]
[Date "2013.08.12"]
[Round "1.15"]
[White "Dekker, Ard"]
[Black "Picart, Laurent"]
[Result "0-1"]
[WhiteElo "1908"]
[BlackElo "2109"]
[PlyCount "60"]
[EventDate "2013.08.??"]
[EventType "swiss"]
[EventRounds "7"]
[EventCountry "POL"]
[WhiteTeam "NED"]
[BlackTeam "FRA"]
[WhiteTeamCountry "NED"]
[BlackTeamCountry "FRA"]

1. c4 Nf6 2. d4 e6 3. Nc3 Bb4 4. Bd2 O-O 5. Nf3 b6 6. e3 Bb7 7. Bd3 Bxc3 8.
Bxc3 Ne4 9. O-O Nxc3 10. bxc3 f5 11. Re1 Nc6 12. Rb1 Na5 13. Bf1 Qe7 14. Nd2
Rf6 15. g3 Raf8 16. Bg2 Bxg2 17. Kxg2 d6 18. Qe2 e5 19. f4 Re6 20. Qf1 exf4 21.
exf4 Re8 22. Nf3 Re2+ 23. Kh1 Nxc4 24. Rxe2 Qxe2 25. Qxe2 Rxe2 26. Re1 Rxe1+
27. Nxe1 Na3 28. Nf3 h5 29. Kg1 Nb5 30. c4 Nc3 0-1

[Event "24th NATO Chess Championship"]
[Site "Rynia"]
[Date "2013.08.12"]
[Round "1.16"]
[White "Macaspac, Arthur"]
[Black "Allmann, Lauri"]
[Result "1-0"]
[WhiteElo "2107"]
[BlackElo "1900"]
[PlyCount "80"]
[EventDate "2013.08.??"]
[EventType "swiss"]
[EventRounds "7"]
[EventCountry "POL"]
[WhiteTeam "USA"]
[BlackTeam "EST"]
[WhiteTeamCountry "USA"]
[BlackTeamCountry "EST"]

1. d4 d5 2. Nf3 Nf6 3. Bf4 e6 4. e3 Nbd7 5. Nbd2 b6 6. Bb5 Bb7 7. Ne5 a6 8.
Nxd7 Nxd7 9. Bd3 c5 10. c3 Nf6 11. O-O Bd6 12. Bxd6 Qxd6 13. f4 Ne4 14. Nxe4
dxe4 15. Be2 f5 16. Qb3 cxd4 17. cxd4 Bd5 18. Qc3 Kd7 19. Qe1 Qe7 20. Rc1 g5
21. a3 Rhg8 22. Rc3 gxf4 23. Rxf4 Qg7 24. Bf1 b5 25. Rf2 Rgc8 26. Rfc2 Qf8 27.
b4 Rxc3 28. Qxc3 Rc8 29. Qxc8+ Qxc8 30. Rxc8 Kxc8 31. Kf2 Kd7 32. g4 fxg4 33.
Kg3 Bc4 34. Bg2 Kd6 35. Bxe4 Bd5 36. Bxh7 Bf3 37. h3 Kd5 38. hxg4 Be2 39. Bg8
Ke4 40. Bxe6 Kxe3 $138 1-0

[Event "24th NATO Chess Championship"]
[Site "Rynia"]
[Date "2013.08.12"]
[Round "1.17"]
[White "Pos, Nicolaas"]
[Black "Onley, David"]
[Result "1/2-1/2"]
[WhiteElo "1884"]
[BlackElo "2103"]
[PlyCount "69"]
[EventDate "2013.08.??"]
[EventType "swiss"]
[EventRounds "7"]
[EventCountry "POL"]
[WhiteTeam "NATO"]
[BlackTeam "ENG"]
[BlackTeamCountry "ENG"]

1. e4 c5 2. Nf3 e6 3. d3 b6 4. g3 Bb7 5. Nbd2 d6 6. Bg2 Nf6 7. O-O Be7 8. Re1
Nbd7 9. Nf1 O-O 10. h4 Rc8 11. b3 b5 12. c4 a6 13. Bg5 Bc6 14. N1h2 Rb8 15. Qd2
Re8 16. Rab1 Qb6 17. Qc2 Qb7 18. Bh3 Qc7 19. Ng4 Nxg4 20. Bxg4 Nf6 21. Bh3 Rb6
22. Qe2 Qb7 23. Nd2 Qc7 24. Bf4 Nd7 25. Nf3 Reb8 26. d4 cxd4 27. Nxd4 Qb7 28.
Nxc6 Rxc6 29. cxb5 axb5 30. Bg2 Rbc8 31. Rbc1 Ne5 32. Rxc6 Rxc6 33. Rc1 b4 34.
Rxc6 Qxc6 35. Bxe5 1/2-1/2

[Event "24th NATO Chess Championship"]
[Site "Rynia"]
[Date "2013.08.12"]
[Round "1.18"]
[White "Narman, Gokhan"]
[Black "Kocur, Marc"]
[Result "1-0"]
[WhiteElo "2102"]
[BlackElo "1866"]
[PlyCount "43"]
[EventDate "2013.08.??"]
[EventType "swiss"]
[EventRounds "7"]
[EventCountry "POL"]
[WhiteTeam "TUR"]
[BlackTeam "BEL"]
[WhiteTeamCountry "TUR"]
[BlackTeamCountry "BEL"]

1. d4 g6 2. Nf3 Bg7 3. g3 d6 4. Bg2 c5 5. d5 b5 6. O-O Nd7 7. a4 b4 8. a5 Ba6
9. Re1 Rb8 10. c3 bxc3 11. Nxc3 Qc7 12. e4 h6 13. Qa4 Kf8 14. Bh3 Ne5 15. Nxe5
Bxe5 16. f4 Bd4+ 17. Be3 Bxe3+ 18. Rxe3 Rxb2 19. e5 Kg7 20. Qc6 Rb7 21. Qxa6 c4
22. Qc6 1-0

[Event "24th NATO Chess Championship"]
[Site "Rynia"]
[Date "2013.08.12"]
[Round "1.20"]
[White "De Waard, Marco"]
[Black "Csizmadia, Csaba"]
[Result "1-0"]
[WhiteElo "2098"]
[BlackElo "1855"]
[PlyCount "51"]
[EventDate "2013.08.??"]
[EventType "swiss"]
[EventRounds "7"]
[EventCountry "POL"]
[WhiteTeam "NED"]
[BlackTeam "HUN"]
[WhiteTeamCountry "NED"]
[BlackTeamCountry "HUN"]

1. d4 f5 2. h3 e6 3. Nf3 d5 4. Bf4 Nf6 5. e3 Be7 6. Nbd2 O-O 7. c4 c6 8. Be2
Nbd7 9. O-O h6 10. Ne5 Nxe5 11. Bxe5 Bd6 12. Nf3 Qe7 13. c5 Bxe5 14. Nxe5 Bd7
15. Ng6 Qf7 16. Nxf8 Rxf8 17. b4 a6 18. a4 Qe8 19. b5 cxb5 20. axb5 Bxb5 21.
Bxb5 Qxb5 22. Rb1 Qd7 23. Rb6 Ne4 24. Qc2 Rc8 25. Qb2 Rc7 26. Rb1 1-0

[Event "24th NATO Chess Championship"]
[Site "Rynia"]
[Date "2013.08.12"]
[Round "1.21"]
[White "Leveillee, Philippe"]
[Black "Van Run, Rieke"]
[Result "0-1"]
[WhiteElo "1852"]
[BlackElo "2097"]
[PlyCount "116"]
[EventDate "2013.08.??"]
[EventType "swiss"]
[EventRounds "7"]
[EventCountry "POL"]
[WhiteTeam "CAN"]
[BlackTeam "NED"]
[WhiteTeamCountry "CAN"]
[BlackTeamCountry "NED"]

1. d4 d5 2. c4 e6 3. Nc3 Nf6 4. Nf3 Be7 5. Bf4 O-O 6. e3 c6 7. Be2 Nbd7 8. Nd2
dxc4 9. Nxc4 Nb6 10. O-O Nfd5 11. Bg3 Nxc4 12. Bxc4 Bd6 13. e4 Bxg3 14. hxg3
Nb6 15. Bb3 Qe7 16. e5 Nd5 17. Ne4 f5 18. Nd6 Rb8 19. Bxd5 exd5 20. f4 Be6 21.
Kf2 g6 22. Rh1 Kg7 23. Rh3 Rh8 24. Qa4 Qc7 25. Qxa7 Ra8 26. Qc5 b6 27. Qc3 c5
28. Rhh1 c4 29. a4 Qd7 30. b3 Rhb8 31. Rhc1 Ra5 32. bxc4 dxc4 33. Qb4 Rba8 34.
Qxb6 Rxa4 35. Rxa4 Rxa4 36. Qb7 Ra2+ 37. Kf3 Qxb7+ 38. Nxb7 Bd5+ 39. Ke3 Bxb7
40. Rxc4 Ra3+ 41. Kf2 Ra2+ 42. Ke3 Bxg2 43. Rc7+ Kh6 44. e6 Ra8 45. e7 Re8 46.
Rd7 Bc6 47. Rc7 Bd5 48. Rd7 Be6 49. Rc7 Kg7 50. d5 Bxd5 51. Kd4 Bf7 52. Ke5 Ra8
53. Rd7 Be8 54. Rd8 Ra5+ 55. Ke6 Ra6+ 56. Ke5 Kf7 57. Rd6 Rxd6 58. Kxd6 Kf6 0-1

[Event "24th NATO Chess Championship"]
[Site "Rynia"]
[Date "2013.08.12"]
[Round "1.22"]
[White "Kedzierski, Slawomir"]
[Black "Morrison, Munroe L"]
[Result "1-0"]
[WhiteElo "2095"]
[BlackElo "1851"]
[PlyCount "125"]
[EventDate "2013.08.??"]
[EventType "swiss"]
[EventRounds "7"]
[EventCountry "POL"]
[WhiteTeam "POL"]
[BlackTeam "ENG"]
[WhiteTeamCountry "POL"]
[BlackTeamCountry "ENG"]

1. d4 d5 2. Nf3 Nf6 3. c4 c6 4. e3 g6 5. Nc3 Bg7 6. Be2 O-O 7. O-O Nbd7 8. cxd5
cxd5 9. Bd2 b6 10. Rc1 Bb7 11. Qa4 a6 12. Rfd1 e6 13. Qb3 Ne4 14. Be1 Re8 15.
a4 Nd6 16. Na2 Rc8 17. Nb4 Rxc1 18. Rxc1 Qa8 19. Nd3 Rc8 20. a5 Rxc1 21. Nxc1
Qc8 22. Nd3 b5 23. Qd1 Qc7 24. Qc1 Qxc1 25. Nxc1 f6 26. Bb4 Bf8 27. Nd3 Nb8 28.
Bc5 Nc6 29. b4 Bc8 30. Kf1 Kf7 31. Ke1 Ke8 32. Nd2 Kf7 33. Nb3 Be7 34. g3 Bf8
35. h4 h6 36. Bd1 Be7 37. Nf4 Nc4 38. Bxe7 Nxe7 39. Be2 Nc6 40. Nd3 Na3 41. Kd2
Nc4+ 42. Kc3 Nd6 43. Nbc5 Nc4 44. Nf4 Ne7 45. Bg4 f5 46. Be2 Nd6 47. f3 Nc4 48.
e4 g5 49. hxg5 hxg5 50. Nfd3 Kf6 51. Bd1 dxe4 52. fxe4 g4 53. Be2 Kg5 54. Nf4
e5 55. dxe5 Nxe5 56. Bd3 N5g6 57. Nxg6 Kxg6 58. exf5+ Nxf5 59. Bxf5+ Kxf5 60.
Kd4 Kf6 61. Ke4 Ke7 62. Ke5 Kd8 63. Kd6 1-0

[Event "24th NATO Chess Championship"]
[Site "Rynia"]
[Date "2013.08.12"]
[Round "1.23"]
[White "Cohnen, Michael"]
[Black "Vuitton, Gilles"]
[Result "0-1"]
[WhiteElo "1841"]
[BlackElo "2093"]
[PlyCount "94"]
[EventDate "2013.08.??"]
[EventType "swiss"]
[EventRounds "7"]
[EventCountry "POL"]
[WhiteTeam "NATO"]
[BlackTeam "FRA"]
[BlackTeamCountry "FRA"]

1. d4 e6 2. c4 Nf6 3. Nc3 Bb4 4. e3 b6 5. Nge2 Ba6 6. a3 Bxc3+ 7. Nxc3 d5 8.
cxd5 Bxf1 9. Kxf1 exd5 10. Bd2 O-O 11. Rc1 Qd7 12. Qf3 Re8 13. h4 a5 14. h5 h6
15. Rh3 c6 16. Ne2 Ne4 17. Be1 Ng5 18. Qg3 Nxh3 19. gxh3 Na6 20. Ng1 c5 21. Bc3
c4 22. Nf3 Rac8 23. Ne5 Qf5 24. Ng4 Rc6 25. f3 Qxh5 26. Kf2 Rg6 27. Rg1 Kh7 28.
Qf4 f5 29. Ne5 Rxg1 30. Kxg1 Qg5+ 31. Qxg5 hxg5 32. Kf2 Nc7 33. Nd7 Na8 34. Bd2
Kg6 35. Ne5+ Kf6 36. Nd7+ Ke6 37. Ne5 Nc7 38. Kg3 Nb5 39. a4 Nd6 40. Nc6 Rc8
41. Ne5 Nf7 42. f4 gxf4+ 43. exf4 Nxe5 44. fxe5 Rb8 45. Kf4 b5 46. Bxa5 bxa4
47. Bc3 Rb3 0-1

[Event "24th NATO Chess Championship"]
[Site "Rynia"]
[Date "2013.08.12"]
[Round "1.25"]
[White "Deneyer, Frank"]
[Black "Oltean, Gusztav"]
[Result "0-1"]
[WhiteElo "1825"]
[BlackElo "2084"]
[PlyCount "70"]
[EventDate "2013.08.??"]
[EventType "swiss"]
[EventRounds "7"]
[EventCountry "POL"]
[WhiteTeam "NATO"]
[BlackTeam "HUN"]
[BlackTeamCountry "HUN"]

1. f4 c5 2. Nf3 Nc6 3. e3 Nf6 4. b3 e6 5. Bb2 Be7 6. Be2 O-O 7. O-O b6 8. d3
Bb7 9. Ne5 Qc7 10. Nd2 Nd5 11. Ng4 f5 12. c4 Nf6 13. Ne5 Rad8 14. Bf3 d5 15.
Qe2 Bd6 16. d4 Ne4 17. Bxe4 dxe4 18. Nxc6 Bxc6 19. Rac1 cxd4 20. Bxd4 Bxf4 21.
g3 Be5 22. Bxe5 Qxe5 23. c5 b5 24. Rc2 Rd3 25. b4 Bd5 26. Rfc1 Rc8 27. c6 Rc7
28. Nb3 Bxb3 29. axb3 Qd6 30. Rc5 a6 31. Qa2 Rd1+ 32. Rxd1 Qxd1+ 33. Kg2 Qf3+
34. Kh3 g5 35. Qxa6 Qf1# 0-1

[Event "24th NATO Chess Championship"]
[Site "Rynia"]
[Date "2013.08.12"]
[Round "1.26"]
[White "Nielsen, Jan Mose"]
[Black "Bublys, Vaidotas"]
[Result "1-0"]
[WhiteElo "2081"]
[BlackElo "1822"]
[PlyCount "52"]
[EventDate "2013.08.??"]
[EventType "swiss"]
[EventRounds "7"]
[EventCountry "POL"]
[WhiteTeam "DEN"]
[BlackTeam "LTU"]
[WhiteTeamCountry "DEN"]
[BlackTeamCountry "LTU"]

1. e4 e5 2. Nf3 Nf6 3. Nc3 Nc6 4. d4 exd4 5. Nxd4 Bb4 6. Bc4 h6 7. O-O O-O 8.
Nf5 d6 9. Nxh6+ gxh6 10. Bxh6 Re8 11. Qf3 Ne5 12. Qg3+ Nfg4 13. Nd5 Kh7 14. f4
Bc5+ 15. Kh1 Nxc4 16. Bg5 f6 17. Nxf6+ Nxf6 18. e5 Rg8 19. exf6 Qd7 20. f5 Re8
21. Rf4 Qxf5 22. Qh4+ Kg8 23. f7+ Qxf7 24. Rxf7 Kxf7 25. Qh5+ Ke6 26. Qxe8+ Kd5
1-0